000 01357nam a2200325 c 4500
999 _c204619
_d204619
003 BLK
005 20190102154906.0
008 180411b bul|||||r ||||||| ||bul||
010 _aKNG00214185000
020 _a978-954-380-411-5
040 _aBLK
041 _aBUL
_cBUL
072 7 _2bullib
_aН84
_xБългарска художествена литература Н
080 _aБългарска литература
_b821.163.2
_x-94
_z821.163.2-94
100 1 _aАлександрова, Джуни
_eпърви автор
_9321532
139 _aАлександрова, Джуни
_bА 51
245 1 0 _aНа глас
_bСтр. за изминали дни
_cДжуни Александрова.
250 _a2. доп. изд.
257 _aBGR
260 _bБълг. книжница
_c2017
_fСофия : Химиграф
300 _a376 с.
_bс ил., портр.
_c20 см
380 _aX
500 _aИскрена книга / Владимир Каракашев: с. 5-6 ; Откровена актьорска изповед / Севелина Гьорова: с. 9-10
659 _aН
852 _aЦб 288050
856 4 _qpdf
856 4 _qpdf
942 _cKNG
_n0
944 _aCR
_c15.11.2017
_kВиолета_Тройчева
944 _aED
_c15.01.2018
_kСимона_Петрова
999 _d204619